Délmagyarország. - 1980. december 6., Szombat
Elmentve itt :
| Dokumentumtípus: | Újság |
|---|---|
| Megjelent: |
1980-12-06
|
| Sorozat: | Délmagyarország
70 No. 286 |
| Online Access: | http://dmarchiv.bibl.u-szeged.hu/21287 |
| LEADER | 00489nas a2200145 i 4500 | ||
|---|---|---|---|
| 001 | delm21287 | ||
| 005 | 20200415080115.0 | ||
| 008 | 171218s1980 hu n o 0|| hun d | ||
| 022 | |a 0133-025X | ||
| 040 | |a SZTE Délmagyarország Archívum |b hun | ||
| 041 | |a hun | ||
| 245 | 0 | 0 | |a Délmagyarország. - 1980. december 6., Szombat |h [elektronikus dokumentum] |
| 260 | |c 1980-12-06 | ||
| 490 | 0 | |a Délmagyarország |v 70 No. 286 | |
| 856 | 4 | 0 | |u http://dmarchiv.bibl.u-szeged.hu/21287/1/dm_1980_286.pdf |z Dokumentum-elérés |